| 000 | 00529nam a2200205Ia 4500 | ||
|---|---|---|---|
| 005 | 20260429111946.0 | ||
| 008 | 260429s9999||||xx |||||||||||||| ||und|| | ||
| 020 | _a9781138098688 | ||
| 041 | _aEnglish | ||
| 082 |
_a547 _bNOR |
||
| 100 | _aNorman, Richard | ||
| 245 | 0 |
_aPrinciples of organic synthesis / _cRichard Norman |
|
| 250 | _a3rd ed. | ||
| 260 |
_aBoca Raton : _bCRC Press, _c1993. |
||
| 300 | _axv, 811 p.; pbk | ||
| 650 | _a Organic chemistry | ||
| 650 | _aChemistry | ||
| 700 | _a Coxon, J.M. | ||
| 942 | _cTB | ||
| 999 |
_c51622 _d51622 |
||